| 000 | 00836nam a22002535a 4500 | ||
|---|---|---|---|
| 006 | a||||fr|||| 00| 0 | ||
| 008 | 150819t1998 xxuab||frb||| 001 0 eng d | ||
| 010 | _a97019522 | ||
| 020 | _a0138978026 | ||
| 020 | _a9780138978020 | ||
| 082 | 0 | 4 |
_a621.815 _bNOR _222 |
| 100 | 1 | _aNorton, Robert L. | |
| 245 | 1 | 0 |
_aMachine design : _ban integrated approach / _cRobert L. Norton. |
| 260 |
_aUpper Saddle River : _bPrentice Hall, _cc.1998. |
||
| 300 |
_axxiii, 1048 p. : _bill. (some col.) ; _c24 cm. + _e1 computer laser optical disc (4 3/4 in.) |
||
| 500 | _aIndex : p. 1037-1048. | ||
| 500 | _aAppendix : p. 989-1036. | ||
| 504 | _aIncludes bibliographical references . | ||
| 590 | _aMenna Elemam | ||
| 650 | 0 |
_aMachine design. _2BUEsh |
|
| 651 | _2BUEsh | ||
| 653 |
_bENGMEC _cAugust2015 |
||
| 942 |
_cBB _k621.815 NOR _2ddc |
||
| 999 |
_c960 _d960 |
||